যত হালুম চিৎপটাং / (Record no. 13378)
[ view plain ]
| 000 -LEADER | |
|---|---|
| fixed length control field | 00863nam a2200265 a 4500 |
| 001 - CONTROL NUMBER | |
| JCCL Control Number | 13378 |
| 003 - CONTROL NUMBER IDENTIFIER | |
| JCCL marc code | BD-JhCC |
| 005 - DATE AND TIME OF LATEST TRANSACTION | |
| control field | 20230914104807.0 |
| 008 - FIXED-LENGTH DATA ELEMENTS--GENERAL INFORMATION | |
| fixed length control field | 230909b2016 bg |||| ||a| 000 0 ben d |
| 020 ## - INTERNATIONAL STANDARD BOOK NUMBER | |
| International Standard Book Number | 9789849096030 |
| 035 ## - SYSTEM CONTROL NUMBER | |
| system control number | (BD-JhCC)13378 |
| 040 ## - CATALOGING SOURCE | |
| Original cataloging agency | BD-JhCC |
| Modifying agency | BD-JhCC |
| 041 ## - LANGUAGE CODE | |
| Language code of Book | bengali |
| 082 ## - DEWEY DECIMAL CLASSIFICATION NUMBER | |
| Classification number | 891.4435 |
| Author mark and Year | JAT 2016 |
| 245 ## - TITLE STATEMENT | |
| Title | যত হালুম চিৎপটাং / |
| Statement of responsibility, etc | ঋতি রাহা, রাখাল রাহা, সব্যসাচী মিস্ত্রী। |
| 260 ## - PUBLICATION, DISTRIBUTION, ETC. (IMPRINT) | |
| Place of publication, distribution, etc | ঢাকা: |
| Name of publisher, distributor, etc | লেটার প্রেস |
| Date of publication, distribution, etc | 2016. |
| 300 ## - PHYSICAL DESCRIPTION | |
| Pagination | 88 p. : |
| Dimensions | 24 cm. |
| 650 ## - SUBJECT ADDED ENTRY--TOPICAL TERM | |
| Topical term or geographic name as entry element | Short story |
| 650 ## - SUBJECT ADDED ENTRY--TOPICAL TERM | |
| Topical term or geographic name as entry element | Juvenile Literature |
| 700 ## - ADDED ENTRY--PERSONAL NAME | |
| Personal name | রাহা,ঋতি |
| 700 ## - ADDED ENTRY--PERSONAL NAME | |
| Personal name | রাহা, রাখাল |
| 700 ## - ADDED ENTRY--PERSONAL NAME | |
| Personal name | মিস্ত্রী,সব্যসাচী |
| 942 ## - ADDED ENTRY ELEMENTS (KOHA) | |
| Source of classification or shelving scheme | Dewey Decimal Classification |
| Koha item type | Books |
| Source of classification or shelving scheme | Damaged status | Not for loan | Home library | Current library | Shelving location | Date of accession | Cost, normal purchase price | Total Checkouts | Full call number | Barcode | Checked out | Date last seen | Date checked out | Copy number | Method of acquisition | Koha item type | Currency |
|---|---|---|---|---|---|---|---|---|---|---|---|---|---|---|---|---|---|
| Dewey Decimal Classification | JCC Rouf Library | JCC Rouf Library | General Stacks | 09/09/2023 | 413.00 | 1 | 891.4435 JAT 2016 | 18209 | 03/07/2026 | 01/29/2026 | 01/29/2026 | C-1 | Purchase | Books | BDT |